000 00475nam a2200169Ia 4500
999 _c8947
_d8947
003 OSt
005 20201009121214.0
008 190216s9999||||xx |||||||||||||| ||und||
040 _coclc
082 _a005.133
_bVIS/C
100 _aViswam, Pyari
_95474
245 0 _aComputer Gurukulam: C ++ /
_cPyari Viswam
260 _bKairali Books,
_aKottayam:
_c2006.
300 _a210p
650 _aComputer
942 _cBK
_2ddc
_h005.133
_iVIS/C
_k005.133
_mVIS/C